Laboratory technique in biology and medicine. (Record no. 129169)

MARC details
000 -LEADER
fixed length control field 00681nam a2200229I1 4500
008 - FIXED-LENGTH DATA ELEMENTS--GENERAL INFORMATION
fixed length control field
049 ## - LOCAL HOLDINGS (OCLC)
Holding library MAIN
090 ## - LOCALLY ASSIGNED LC-TYPE CALL NUMBER (OCLC); LOCAL CALL NUMBER (RLIN)
Classification number (OCLC) (R) ; Classification number, CALL (RLIN) (NR) QH207
Local cutter number (OCLC) ; Book number/undivided call number, CALL (RLIN) EMM
003 - CONTROL NUMBER IDENTIFIER
control field
005 - DATE AND TIME OF LATEST TRANSACTION
control field 20230123122158.0
040 ## - CATALOGING SOURCE
Transcribing agency NUST
100 ## - MAIN ENTRY--PERSONAL NAME
Personal name Emmel, Victor M.
245 00 - TITLE STATEMENT
Title Laboratory technique in biology and medicine.
Statement of responsibility, etc. [by] Victor M. Emmel [and] E. V. Cowdry.
250 ## - EDITION STATEMENT
Edition statement 4th ed.
260 ## - PUBLICATION, DISTRIBUTION, ETC.
Place of publication, distribution, etc. Baltimore :
Name of publisher, distributor, etc. Williams & Wilkins,
Date of publication, distribution, etc. 1964.
300 ## - PHYSICAL DESCRIPTION
Extent xxxiv, 453 p.
Dimensions 24 cm.
650 #2 - SUBJECT ADDED ENTRY--TOPICAL TERM
Topical term or geographic name entry element Microscopy
General subdivision laboratory manuals.
650 #2 - SUBJECT ADDED ENTRY--TOPICAL TERM
Topical term or geographic name entry element Medical Laboratory Science.
700 ## - ADDED ENTRY--PERSONAL NAME
Personal name Cowdry, E V.
907 ## - LOCAL DATA ELEMENT G, LDG (RLIN)
a .b10366234
b 18-11-15
c 18-11-15
942 ## - ADDED ENTRY ELEMENTS (KOHA)
Koha item type Ordinary Loan Books
Call number prefix QH207
Call number suffix EMM
Holdings
Date last seen Total Checkouts Full call number Barcode Cost, replacement price Price effective from Koha item type Lost status Source of classification or shelving scheme Damaged status Not for loan Collection Withdrawn status Home library Current library Shelving location Date acquired Cost, normal purchase price
01/23/2023   QH207 EMM 92004037487 80.00 01/23/2023 BOOKS   LCC     NFIC   MAIN MAIN GEN 01/23/2023 80.00